| 000 | 00522cam a2200205ua 4500 | ||
|---|---|---|---|
| 001 | 1445 | ||
| 008 | 110713n ii |||gr||||Z||||||eng | ||
| 020 | _a0-19-564734-3 | ||
| 040 | _cMAIN | ||
| 082 | _a330 | ||
| 100 | _aSen, Amartya, | ||
| 245 | 1 |
_aOn economics inequality _cby Amartya Sen |
|
| 250 | _a11th. | ||
| 260 |
_aNew Delhi: _bOxford University press, _c2008. |
||
| 300 |
_axii; 260p: _c23cm. |
||
| 653 | _aEconomics | ||
| 653 | _aEconomics inequelity | ||
| 700 |
_aFoster, James E., _eCo-author. |
||
| 942 | _cBK | ||
| 999 |
_c1335 _d1335 |
||